The Amazon

Saved in:
Bibliographic Details
Main Author: Sterling, Thomas, 1921-
Format: Book
Language:English
Published: Amsterdam : Time-Life Books, c1973.
Series:World's wild places
Subjects:
Tags: Add Tag
No Tags, Be the first to tag this record!

MARC

LEADER 00000cam a2200000 a 4500
001 1/124463
008 220302s1973####ne | ||| |||| ||eng||
020 |a 0705400905 
040 |a GR-MyUa  |b gre  |c GR-MyUa  |e AACR2 
041 0 |a eng 
082 7 |a 981.1   |2 (23) 
100 1 |a Sterling, Thomas,   |d 1921- 
245 1 4 |a The Amazon /   |c Tom Sterling and the editors of Time-Life Books. 
260 |a Amsterdam :   |b Time-Life Books,   |c c1973. 
300 |a 183 σ. :   |b εικ. ;   |c 26 εκ. 
490 1 |a (World's wild places) 
504 |a Βιβλιογραφία: σ. 180. Ευρετήριο. 
650 0 |a Natural history  |z Amazon River Valley. 
651 0 |a Amazon River Valley. 
830 0 |a World's wild places 
970 |a Κοντού  |b Παρασκευή  |z 02/03/2022